000 00599nam a2200229Ia 4500
003 OSt
005 20220926035336.0
006 a|||||r|||| 00| 0
007 ta
008 220923b |||||||| |||| 00| 0 eng d
037 _cGeneral Book
040 _aRTL
_cRTL
_beng
041 _2eng
_aeng
082 _aX:81y7, J8
100 _aHassler Russell H.
_9342194
245 0 _aCases in controllership
260 _c1958
650 _aTop Management
700 _a Harlan Neil E.
942 _hX:81y7, J8
_cGB
_2CC
999 _c661951
_d661951